000 01030nas a2200313 4500
001 BR2019001840
003 BR-BrBNA
005 20231205132001.0
007 ta
008 230509b bl.|||p| |||| 00| 00por d
040 _aBR-BrBNA
_bpor
_cBiblioteca Nacional de Agricultura
041 _a(En)
072 _aH20
100 1 _aLourenço Junior, V.
100 1 _aVieira, B.S.
100 1 _aLopes, E.A.
100 1 _aVillalta, O.N.
245 1 _aEtiology, epidemiology, and management of white rot on onion and garlic: current knowledge and future directions for Brazil
650 _aALHO
650 _aCEBOLA
650 _aPODRIDÃO BRANCA
650 _aDOENÇA DE PLANTA
650 _aMICOLOGIA
650 _aCONTROLE INTEGRADO
773 0 _tCientífica. Revista de Ciências Agrárias (Brazil)
_xISSN 1984-5529
_g(2018), v. 46(3) p. 241-256
_wBR2019001840
856 4 0 _uhttp://cientifica.org.br/index.php/cientifica/article/view/1176/659
909 _a202311
_bLúcia
_c55
_dLúcia Elande
942 _2AGRIS
_n0
_cANA
999 _c257817
_d257817